000
00320nam a2200145Ia 4500
005
20250603145802.0
008
250603s9999 xx 000 0 und d
020
_a
9780325522
050
_a
PR 504 .D37/
100
_a
Dasylve, A. O.
245
0
_a
Studies in poetry
260
_c
2005
300
_a
222 p
942
_c
BK
999
_c
42850
_d
42850